000 00470nam a22001217a 4500
082 _a220PRO
100 _aGC Syed Muhammad Haider. GC Fawad Mumtaz. GC Basit Bilal. PC Farrakh Mehmood.
_973292
245 _aPR-SOF-1958-Develoment of Engine Test Bench of Defender Jeep
260 _aISLAMABAD
_bNUST COLLEGE OF EME
_c2020
650 _aDE-MTS-38
_973293
700 _aProject Supervisor's BRIG. Dr. Javaid Iqbal. BRIG. Dr. Nasir Rashid. LE Umar Masood
_973294
942 _cCF
999 _c579087
_d579087